| 000 | 00664nam a22001817a 4500 | ||
|---|---|---|---|
| 005 | 20260421102047.0 | ||
| 008 | 260421b |||||||| |||| 00| 0 eng d | ||
| 020 | _a978-93-85891-11-3 | ||
| 050 | _aRT 98 .B 37 2016 | ||
| 100 | _aBASAVANTHAPPA, BT | ||
| 245 | _aCOMMUNITY HEALTH NURSING FOR BSc AND BP BSc NURSING STUDENTS VOLUME 2 | ||
| 250 | _a3 | ||
| 260 |
_aNEW DELHI, _bJAYPEE BROTHERS MEDICAL PUBLISHERS (P) LTD, _c2016, |
||
| 300 | _aXXiV, 766 P - 1477 P | ||
| 500 | _aINCLUDES INDEX | ||
| 650 | _a1 Community health nursing-Textbooks 2. Public health nursing-Textbooks 3. Nursing-India-Textbooks 4. Health promotion-Textbooks | ||
| 942 |
_2lcc _cBK |
||
| 999 |
_c217036 _d217036 |
||